Příběhy ze zoo. Lachtánek nezbeda /
Vyprávění o prvňačce Bětce, která až vyroste, chce pracovat jako ředitelka zoo. Miluje totiž zvířata, a navíc s nimi dokáže rozmlouvat.
Uloženo v:
| Série: | Příběhy ze zoo,
část 2 |
|---|---|
| Hlavní autor: | |
| Další autoři: | |
| Médium: | E-kniha |
| Jazyk: | Czech |
| Vydáno: |
V Praze :
Fragment,
2022
|
| Vydání: | 1. vydání |
| Témata: | |
| Příbuzné jednotky: | Z cyklu::
Příběhy ze zoo |
| Tagy: |
Žádné tagy |
| LEADER | 02536nam a2200469 i 4500 | ||
|---|---|---|---|
| 001 | 311559 | ||
| 003 | CZ PrSKC | ||
| 005 | 20260601215707.0 | ||
| 007 | ta | ||
| 008 | 220519s2022 xr a b 000 j cze | ||
| 015 | |a cnb003422445 | ||
| 020 | |a 9788025357972 |q (vázáno) : |c Kč 249,00 | ||
| 035 | |a (OCoLC)1335742345 | ||
| 040 | |a ABG001 |b cze |e rda | ||
| 072 | 7 | |a 821.162.3-3 |x Česká próza |2 Konspekt | |
| 072 | 7 | |a 821-93 |x Literatura pro děti a mládež (beletrie) |2 Konspekt | |
| 080 | |a 821.162.3-32 |2 MRF | ||
| 080 | |a 821-93 |2 MRF | ||
| 080 | |a (0:82-32) |2 MRF | ||
| 100 | 1 | |a Hudáčková Barochová, Věra |7 pna2011636753 |4 aut | |
| 245 | 1 | 0 | |a Příběhy ze zoo. |p Lachtánek nezbeda / |c Věra Hudáčková Barochová ; ilustrovala Sylva Francová |
| 246 | 3 | 0 | |a Lachtánek nezbeda |
| 250 | |a 1. vydání | ||
| 264 | 1 | |a V Praze : |b Fragment, |c 2022 | |
| 300 | |a 82 stran : |b barevné ilustrace ; |c 21 cm | ||
| 336 | |a text |b txt |2 rdacontent | ||
| 337 | |a bez média |b n |2 rdamedia | ||
| 338 | |a svazek |b nc |2 rdacarrier | ||
| 520 | 2 | |a Vyprávění o prvňačce Bětce, která až vyroste, chce pracovat jako ředitelka zoo. Miluje totiž zvířata, a navíc s nimi dokáže rozmlouvat. |b Lachtánek Tonda je pěkný nezbeda. Nechce poslouchat svou mámu ani ošetřovatele a s ostatními lachtany si nerozumí. Nakonec si usmyslí, že ze zoo odejde a bude žít na volném moři. Když pozná podivína Standu, kterého považuje za námořníka, věří, že s jeho pomocí se k moři dostane. Netuší ale, že Standa má jiné úmysly. Ještěže je tu Tondova kamarádka Bětka, která rozumí řeči zvířat. Nakladatelská anotace. Kráceno. | |
| 521 | 8 | |a Pro čtenáře od 6 let | |
| 655 | 7 | |a české příběhy |7 fd133973 |2 czenas | |
| 655 | 7 | |a publikace pro děti |7 fd133156 |2 czenas | |
| 655 | 9 | |a Czech stories |2 eczenas | |
| 655 | 9 | |a children's literature |2 eczenas | |
| 700 | 1 | |a Francová, Sylva, |d 1973- |7 xx0022360 |4 ill | |
| 787 | 0 | 8 | |i Z cyklu: |t Příběhy ze zoo |g 2 |
| 900 | |a ABA001 |b 19 | ||
| 928 | 9 | |a Albatros Media - Fragment | |
| 044 | |a xr | ||
| 910 | |a RBIT002 | ||
| 998 | |d 352132 |a https://core.palmknihy.cz/api/books/352132/cover?si7bht |b https://core.palmknihy.cz/api/books/352132/cover/400?si7bht |c https://core.palmknihy.cz/api/books/352132/cover/50?si7bht |e 2032-12-31 |g 96 |i 9788025357972 |j https://core.palmknihy.cz/api/books/352132/preview.epub |k https://core.palmknihy.cz/api/books/352132/preview.pdf |l |q 49 |r 1 |s https://www.palmknihy.cz/kniha/352132 |t ebook |y 2022 |z 0 |v Příběhy ze zoo |w 2 | ||
| 999 | |d 311557 | ||